Form of agreement for collateral warranty for funding institutions by a sub-contractor : SCWa/F (Record no. 101843)

MARC details
000 -LEADER
fixed length control field 01115cam a2200241 4500
001 - CONTROL NUMBER
control field J116260.
008 - FIXED-LENGTH DATA ELEMENTS--GENERAL INFORMATION
fixed length control field 020111n2001 000 0 eng u
035 ## - SYSTEM CONTROL NUMBER
System control number (Sirsi) u116260
050 ## - LIBRARY OF CONGRESS CALL NUMBER
Classification number 698.2
110 ## - MAIN ENTRY--CORPORATE NAME
Corporate name or jurisdiction name as entry element Joint Contracts Tribunal
9 (RLIN) 3664
240 ## - UNIFORM TITLE
Uniform title Standard form of agreement for collateral warranty SCWa/F for use where a warranty is to be given to a company providing finance (funder) for the proposed building works by a sub-contractor
245 ## - TITLE STATEMENT
Title Form of agreement for collateral warranty for funding institutions by a sub-contractor : SCWa/F
260 ## - PUBLICATION, DISTRIBUTION, ETC.
Place of publication, distribution, etc. London
Name of publisher, distributor, etc. RIBA
Date of publication, distribution, etc. 2001
300 ## - PHYSICAL DESCRIPTION
Extent 8p.
Dimensions 30cm.
350 ## - PRICE (NR) (BK AM CF MU VM SE) [OBSOLETE]
Price 16
490 ## - SERIES STATEMENT
Series statement JCT Standard Form of Agreement for Collateral Warranty 2001 Edition
Volume/sequential designation SCWa/F (Funder)
650 ## - SUBJECT ADDED ENTRY--TOPICAL TERM
Topical term or geographic name entry element BUILT ENVIRONMENT-BUILDING CONTRACT FORMS-CONSTRUCTION COLLATERAL WARRANTY FORMS
650 ## - SUBJECT ADDED ENTRY--TOPICAL TERM
Topical term or geographic name entry element BUILT ENVIRONMENT-BUILDING CONTRACT FORMS
650 ## - SUBJECT ADDED ENTRY--TOPICAL TERM
Topical term or geographic name entry element BUILT ENVIRONMENT-BUILDING CONTRACT FORMS-STANDARD FORMS OF BUILDING CONTRACT-JOINT CONTRACTS TRIBNUAL CONTRACTS
650 ## - SUBJECT ADDED ENTRY--TOPICAL TERM
Topical term or geographic name entry element SCWA/F
690 ## - LOCAL SUBJECT ADDED ENTRY--TOPICAL TERM (OCLC, RLIN)
Topical term or geographic name as entry element BUILT ENVIRONMENT-BUILDING CONTRACT FORMS
942 ## - ADDED ENTRY ELEMENTS (KOHA)
Suppress in OPAC 0
Holdings
Withdrawn status Lost status Source of classification or shelving scheme Damaged status Not for loan Home library Current library Shelving location Date acquired Cost, normal purchase price Total Checkouts Full call number Barcode Date last seen Copy number Cost, replacement price Price effective from Koha item type
    Dewey Decimal Classification     London London Books 25/11/2002 13.60   JCT 2001/17 30068041 06/08/2019 1 13.60 06/08/2019 Book